Intellectual Property Management : A Guide for Scientists, Engineers, Financiers, and Managers
Saved in:
| Main Authors: | , |
|---|---|
| Format: | Book |
| Language: | English |
| Published: |
Weinheim :
Wiley,
2006
|
| Subjects: | |
| Tags: |
No Tags, Be the first to tag this record!
|
MARC
| LEADER | 00000nam a22000003a 4500 | ||
|---|---|---|---|
| 001 | stu262458 | ||
| 005 | 20150617225616.9 | ||
| 008 | 130211s2006----gw------------------eng-d | ||
| 020 | |a 978-3-527-31286-3 | ||
| 040 | |a STU |b slo | ||
| 041 | 0 | |a eng | |
| 044 | |a gw | ||
| 100 | 1 | |a Junghans, Claas |4 aut | |
| 245 | 1 | |a Intellectual Property Management : |b A Guide for Scientists, Engineers, Financiers, and Managers | |
| 260 | |a Weinheim : |b Wiley, |c 2006 | ||
| 300 | |a 170 s | ||
| 650 | 7 | |a NPTT |2 stusub | |
| 650 | 7 | |a duševné vlastníctvo |2 stusub | |
| 650 | 7 | |a autorské právo |2 stusub | |
| 700 | 1 | |a Levy, Adam |4 aut | |
| 996 | |c NPTT |l MSDV |s P |a 0 |w stu262458_0001 | ||